000 00365pab a2200145 454500
008 180718b1986 xxu||||| |||| 00| 0 eng d
100 _aDey, A.K.
245 _aIndustrial cooperatives in the district of Puri
260 _c1986
300 _a369-72
362 _aApr.
650 _aIndustry, Rural - India - Orissa
773 _aKhadi Gramodyog
909 _a10707
999 _c10707
_d10707